[Event "Chigorin Mem Blitz 2014"]
[Site "St Petersburg RUS"]
[Date "2014.10.17"]
[Round "4.9"]
[White "Golubov, Saveliy"]
[Black "Paravyan, David"]
[Result "1-0"]
[BlackTitle "IM"]
[WhiteElo "2347"]
[BlackElo "2424"]
[WhiteFideId "24176729"]
[BlackFideId "4194985"]
[EventDate "2014.10.17"]

1. b3 e5 2. Bb2 d6 3. c4 Nf6 4. Nc3 g6 5. d3 Bg7 6. Nf3 O-O 7. e3 c5 8. Be2 Nc6
9. O-O b6 10. a3 Bb7 11. Qc2 d5 12. cxd5 Nxd5 13. Rac1 Rc8 14. Qb1 Nc7 15. Qa1
Ne6 16. Nb5 a6 17. Nc3 f5 18. Rfd1 b5 19. a4 Na5 20. Qa2 b4 21. Nb1 Qc7 22. Nbd2
e4 23. Ne1 Bh6 24. Nc4 Nxc4 25. Rxc4 Qf7 26. Rcc1 f4 27. dxe4 fxe3 28. f3 Bxe4
29. Be5 Bf4 30. Bxf4 Nxf4 31. Bxa6 Rce8 32. fxe4 Rxe4 33. Nf3 e2 34. Re1 Nh3+
35. Kh1 Nf2+ 36. Kg1 Nh3+ 37. Kh1 Nf2+ 38. Kg1 Nh3+ 39. Kh1 Nf2+ 40. Kg1 Nh3+
41. Kh1 Nf2+ 42. Kg1 Nh3+ 43. Kh1 Nf2+ 44. Kg1 Nh3+ 45. gxh3 Qxf3 46. Rxe2 Qf4
47. Rce1 Qg5+ 48. Kh1 Rxe2 49. Qxe2 Qd5+ 50. Kg1 Qd4+ 51. Qe3 Qd6 52. Bc4+ Kh8
53. Qe5+ Qxe5 54. Rxe5 1-0

[Event "Chigorin Mem Blitz 2014"]
[Site "St Petersburg RUS"]
[Date "2014.10.17"]
[Round "4.10"]
[White "Kubatko, Ivan"]
[Black "Kazhgaleyev, Murtas"]
[Result "0-1"]
[BlackTitle "GM"]
[WhiteElo "2185"]
[BlackElo "2566"]
[WhiteFideId "24111473"]
[BlackFideId "13700316"]
[EventDate "2014.10.17"]

1. e4 d6 2. d4 Nf6 3. Nc3 e5 4. Nf3 Nbd7 5. Bc4 Be7 6. O-O O-O 7. a4 c6 8. Re1
a5 9. b3 Nb6 10. Bf1 exd4 11. Nxd4 d5 12. e5 Ne8 13. Qf3 g6 14. Bh6 Ng7 15. Nce2
Bg5 16. Bxg5 Qxg5 17. Ng3 Bg4 18. Qe3 Qxe3 19. Rxe3 Rae8 20. Rae1 Nd7 21. f4 Nc5
22. h3 Bd7 23. Rc3 Nge6 24. Nxe6 Nxe6 25. Rf3 f6 26. exf6 Nd4 27. Rfe3 Rxe3 28.
Rxe3 Nxc2 29. Re7 Rf7 30. Bd3 Nb4 31. Be2 Rxe7 32. fxe7 Kf7 33. Kf2 Kxe7 34. Ke3
c5 35. h4 d4+ 36. Kd2 Nd5 37. Bf3 Bc6 38. f5 gxf5 39. Nxf5+ Kf6 40. Nd6 Nb4 41.
Nxb7 Bxb7 42. Bxb7 Kf5 43. Bc8+ Kf4 44. g4 Nc6 45. g5 Ne5 46. Be6 Kg3 47. h5
Nf3+ 48. Kd3 Nxg5 49. Bf5 Kf4 50. Bd7 Nf7 51. Be6 Ne5+ 52. Kd2 Kg5 0-1

[Event "Chigorin Mem Blitz 2014"]
[Site "St Petersburg RUS"]
[Date "2014.10.17"]
[Round "4.11"]
[White "Bernadskiy, Vitaliy"]
[Black "Ponkratov, Pavel"]
[Result "0-1"]
[WhiteTitle "GM"]
[BlackTitle "GM"]
[WhiteElo "2558"]
[BlackElo "2617"]
[WhiteFideId "14100371"]
[BlackFideId "4157800"]
[EventDate "2014.10.17"]

1. b3 e5 2. Bb2 Nc6 3. e3 Nf6 4. Bb5 Bd6 5. Na3 Na5 6. Be2 c6 7. c4 Qe7 8. Nc2
c5 9. Nf3 Nc6 10. d4 cxd4 11. exd4 e4 12. Nh4 Bb4+ 13. Nxb4 Qxb4+ 14. Qd2 d5 15.
g3 Bh3 16. Bc3 Qe7 17. Qg5 h6 18. Qe3 g5 19. g4 Bxg4 20. Bxg4 Nxg4 21. Qg3 Qd7
22. cxd5 Ne7 23. Ng2 Nxd5 24. h4 Rg8 25. Bd2 f5 26. hxg5 hxg5 27. Bxg5 Rc8 28.
Qh4 Qg7 29. Qh5+ Qg6 30. Qxg6+ Rxg6 31. Rh8+ Kd7 32. Rh7+ Ke6 33. Bd2 Ngf6 34.
Rh2 Rcg8 35. Kf1 f4 36. Re1 f3 0-1

[Event "Chigorin Mem Blitz 2014"]
[Site "St Petersburg RUS"]
[Date "2014.10.17"]
[Round "4.12"]
[White "Sivuk, Vitaly"]
[Black "Alekseev, Evgeny"]
[Result "1-0"]
[WhiteTitle "IM"]
[BlackTitle "GM"]
[WhiteElo "2523"]
[BlackElo "2682"]
[WhiteFideId "14116502"]
[BlackFideId "4138147"]
[EventDate "2014.10.17"]

1. e4 c5 2. c3 d5 3. exd5 Qxd5 4. d4 Nf6 5. Nf3 e6 6. Be3 cxd4 7. cxd4 Be7 8.
Nc3 Qd8 9. Bd3 O-O 10. O-O b6 11. Qe2 Bb7 12. Rad1 Nc6 13. a3 Rc8 14. Rfe1 Re8
15. Bg5 h6 16. Bh4 Nh5 17. Qe4 Bxh4 18. Qh7+ Kf8 19. d5 Nf4 20. Bb5 Qf6 21. Ne4
Qg6 22. Qxg6 Nxg6 23. Nd6 a6 24. dxc6 Bxc6 25. Bxc6 Rxc6 26. Nxe8 Kxe8 27. Nxh4
Nxh4 28. Rc1 Rd6 29. Red1 Rxd1+ 30. Rxd1 Nf5 31. g3 Ne7 32. Kg2 Nd5 33. Kf3 Kd7
34. Ke4 Kd6 35. Rc1 Ne7 36. b4 f5+ 37. Kd3 e5 38. a4 Nc6 39. b5 axb5 40. axb5
Nd4 41. Kc4 g5 42. Ra1 Nf3 43. Ra6 Kc7 44. Ra7+ Kd6 45. Rb7 Nxh2 46. Rxb6+ Kc7
47. Rxh6 Ng4 48. Rg6 Nxf2 49. Rxg5 Ne4 50. Rg6 f4 51. gxf4 exf4 52. Re6 Nd6+ 53.
Kc5 Nb7+ 54. Kd5 f3 55. Rc6+ Kd7 56. Rf6 1-0

[Event "Chigorin Mem Blitz 2014"]
[Site "St Petersburg RUS"]
[Date "2014.10.17"]
[Round "5.1"]
[White "Golubov, Saveliy"]
[Black "Rakhmanov, Aleksandr"]
[Result "1/2-1/2"]
[BlackTitle "GM"]
[WhiteElo "2347"]
[BlackElo "2636"]
[WhiteFideId "24176729"]
[BlackFideId "4173708"]
[EventDate "2014.10.17"]

1. b3 d5 2. Bb2 Nd7 3. Nf3 Ngf6 4. e3 g6 5. Be2 Bg7 6. O-O O-O 7. c4 c6 8. Nc3
Ne4 9. Qc2 Nxc3 10. Bxc3 Nf6 11. d3 Bg4 12. h3 Bxf3 13. Bxf3 Re8 14. d4 e6 15.
Rac1 a6 16. Rfd1 Qe7 17. e4 Nxe4 18. Bxe4 dxe4 19. Qxe4 Rad8 20. a4 Rd7 21. Ba5
Qg5 22. Bb6 Qf5 23. Qe2 Bf6 24. Rc3 Bd8 25. Rf3 Qg5 26. Rg3 Qf5 27. Rf3 Qh5 28.
Bc5 Bc7 29. Bb4 Bd6 30. Bc3 Bf8 31. Qe4 Bg7 32. Rfd3 Red8 33. b4 Qf5 34. Qxf5
gxf5 35. f4 Bf6 36. a5 h5 37. Kf2 Kh7 38. Ke2 Rg8 39. Kf1 Rc7 40. Be1 Rd7 41.
Bf2 Rgd8 42. R3d2 Be7 43. Rb2 Bf6 44. Rbd2 1/2-1/2

[Event "Chigorin Mem Blitz 2014"]
[Site "St Petersburg RUS"]
[Date "2014.10.17"]
[Round "5.2"]
[White "Timofeev, Artyom"]
[Black "Matsenko, Sergei"]
[Result "1/2-1/2"]
[WhiteTitle "GM"]
[BlackTitle "IM"]
[WhiteElo "2598"]
[BlackElo "2485"]
[WhiteFideId "4140419"]
[BlackFideId "4170083"]
[EventDate "2014.10.17"]

1. c4 Nf6 2. Nc3 c5 3. Nf3 e6 4. e4 Nc6 5. Be2 e5 6. O-O g6 7. d3 Bg7 8. a3 d6
9. Rb1 O-O 10. b4 b6 11. Nd5 Nxd5 12. cxd5 Nd4 13. bxc5 bxc5 14. Nxd4 cxd4 15.
Bd2 Bf6 16. Qa4 Bd7 17. Qa6 Be7 18. Rfc1 f5 19. Ba5 Qe8 20. Rc7 Bd8 21. Qxd6
Bxc7 22. Bxc7 Qf7 23. Rf1 Rfe8 24. Qc5 Qf6 25. f4 exf4 26. Rxf4 Rac8 27. d6 Qe5
28. Qxe5 Rxe5 29. Bd1 Rc5 30. Bb3+ Kg7 31. exf5 Bxf5 32. Rxd4 Bd7 33. Re4 Rf8
34. Re7+ Kh6 35. h3 Bb5 36. Kh2 Bxd3 37. d7 Rxc7 38. d8=Q Rxd8 39. Rxc7 a6 40.
Bc4 Bxc4 1/2-1/2

[Event "Chigorin Mem Blitz 2014"]
[Site "St Petersburg RUS"]
[Date "2014.10.17"]
[Round "5.3"]
[White "Sethuraman, S.P."]
[Black "Popov, Valerij"]
[Result "1-0"]
[WhiteTitle "GM"]
[BlackTitle "GM"]
[WhiteElo "2613"]
[BlackElo "2546"]
[WhiteFideId "5021596"]
[BlackFideId "4119410"]
[EventDate "2014.10.17"]

1. e4 e6 2. d4 d5 3. Nc3 h6 4. Nf3 Nf6 5. Bd3 Bb4 6. e5 Ne4 7. O-O Nxc3 8. bxc3
Bxc3 9. Rb1 Nc6 10. Bb5 Bd7 11. Ba3 a6 12. Be2 Ba5 13. c4 dxc4 14. Bxc4 Bb6 15.
d5 Na5 16. Nd2 Qh4 17. Rb4 Qg5 18. Rxb6 cxb6 19. Ne4 Qxe5 20. Nd6+ Ke7 21. Re1
Ba4 22. Qd2 Qh5 23. Nxb7+ Kf6 24. Qd4+ Kg6 25. Bd3+ f5 26. Nxa5 Bb5 27. Rxe6+
Kh7 28. Bxb5 axb5 29. Re7 Rhg8 30. Bb2 Qg4 31. Nb3 Rxa2 32. Qxg4 fxg4 33. Bd4
Ra3 34. Nc1 Ra4 35. Be3 Rd8 36. h3 gxh3 37. gxh3 Rxd5 38. Kg2 b4 39. Rb7 Rb5 40.
Nb3 Ra6 41. Bd4 Rg5+ 42. Kf1 Ra3 43. Nd2 Rd3 44. Be3 Rgd5 45. Ke2 Rd7 46. Rxb6
R3d5 47. Rxb4 Rh5 48. h4 Rhd5 49. Nf3 Rc7 50. Bd4 Rf5 51. Be3 Rc2+ 52. Nd2 Rc7
53. Rb6 Rcf7 54. Ne4 Rc7 55. Ng3 Rd5 56. Kf3 Rf7+ 57. Kg2 Re5 58. Bd4 Rd5 59.
Be3 Re5 60. Rb4 Re6 61. Ne2 Rg6+ 62. Ng3 Re6 63. Rb5 Rc6 64. h5 Rc4 65. Kh3 Rd7
66. Re5 Rc6 67. Kg2 Rf6 68. f4 Rff7 69. Kf3 Rfe7 70. Nf5 Rf7 71. Ke4 Rb7 72. Nd4
Rfe7 73. Nf5 Rb4+ 74. Bd4 Rd7 75. Re6 Rbb7 76. Rg6 Rf7 77. Nd6 Rfe7+ 78. Be5
Rb4+ 79. Kf3 Rb3+ 80. Kg4 Rb1 81. Nf5 Rf7 82. Rxg7+ Rxg7+ 83. Nxg7 Kg8 84. Nf5
Kh7 85. Ng3 Kg8 86. f5 Rb5 87. Kf4 Kf7 88. Ne4 Ra5 89. f6 Ke6 90. Bd4 Rf5+ 91.
Kg4 Rd5 92. Bc3 Rb5 93. Ng3 Rc5 94. Bd4 Rc4 95. Nf5 Ra4 96. Kf4 Rb4 97. Ke4 Ra4
98. Nxh6 Ra5 99. f7 Ke7 100. Bg7 1-0

[Event "Chigorin Mem Blitz 2014"]
[Site "St Petersburg RUS"]
[Date "2014.10.17"]
[Round "5.4"]
[White "Smirnov, Pavel"]
[Black "Dzhumagaliev, Yan"]
[Result "0-1"]
[WhiteTitle "GM"]
[BlackTitle "FM"]
[WhiteElo "2611"]
[BlackElo "2415"]
[WhiteFideId "4123425"]
[BlackFideId "24100110"]
[EventDate "2014.10.17"]

1. d4 Nf6 2. c4 c5 3. d5 e6 4. Nc3 exd5 5. cxd5 Bd6 6. g3 O-O 7. Bg2 a6 8. a4
Qe7 9. Nf3 Bc7 10. O-O d6 11. Nd2 Nbd7 12. a5 Re8 13. h3 Qd8 14. Nc4 Ne5 15.
Nxe5 Rxe5 16. f4 Re8 17. e4 Bxa5 18. e5 dxe5 19. fxe5 Rxe5 20. Bf4 Rf5 21. g4
Rxf4 22. Rxf4 Qd6 23. Rxf6 Qxf6 24. Rxa5 Qb6 25. Ra2 c4+ 26. Kh1 Bd7 27. Qd2 Re8
28. Ra1 h5 29. gxh5 Re3 30. Re1 Rxe1+ 31. Qxe1 Qxb2 32. Qg3 b5 33. Kh2 Bf5 34.
d6 Qd2 35. Nd5 Kh7 36. Qf3 Be4 37. Qxe4+ Kh8 38. h6 Qxh6 39. Ne7 g5 40. Qa8+ Kg7
41. Qg8+ Kf6 42. Qd8 Ke5 43. Nc6+ Kf4 44. d7 Ke3 0-1

[Event "Chigorin Mem Blitz 2014"]
[Site "St Petersburg RUS"]
[Date "2014.10.17"]
[Round "5.5"]
[White "Kazhgaleyev, Murtas"]
[Black "Lalith, Babu M.R."]
[Result "1-0"]
[WhiteTitle "GM"]
[BlackTitle "GM"]
[WhiteElo "2566"]
[BlackElo "2547"]
[WhiteFideId "13700316"]
[BlackFideId "5024595"]
[EventDate "2014.10.17"]

1. d4 Nf6 2. c4 e6 3. Nc3 Bb4 4. Nf3 O-O 5. Bg5 d5 6. e3 Nbd7 7. cxd5 exd5 8.
Bd3 c5 9. O-O Bxc3 10. bxc3 c4 11. Bc2 Qa5 12. Bxf6 Nxf6 13. Qd2 Ne4 14. Bxe4
dxe4 15. Ne5 Qd5 16. f3 Bf5 17. g4 f6 18. Nxc4 Be6 19. Nb2 exf3 20. h3 h5 21.
Rae1 hxg4 22. e4 Qh5 23. Nd3 gxh3 24. Kh2 Bg4 25. Rg1 Rae8 26. Rg3 f5 27. e5 Qf7
28. Nf4 g6 29. d5 Kg7 30. e6 Qe7 31. d6 Qg5 32. e7 1-0

[Event "Chigorin Mem Blitz 2014"]
[Site "St Petersburg RUS"]
[Date "2014.10.17"]
[Round "5.6"]
[White "Ponkratov, Pavel"]
[Black "Sivuk, Vitaly"]
[Result "1-0"]
[WhiteTitle "GM"]
[BlackTitle "IM"]
[WhiteElo "2617"]
[BlackElo "2523"]
[WhiteFideId "4157800"]
[BlackFideId "14116502"]
[EventDate "2014.10.17"]

1. c4 Nf6 2. Nc3 e6 3. e4 c5 4. Nf3 Nc6 5. Be2 d5 6. exd5 exd5 7. d4 Be6 8. cxd5
Nxd5 9. Ne4 cxd4 10. O-O Be7 11. Neg5 Bf5 12. Nxd4 Nxd4 13. Qxd4 O-O 14. Qe5 Bg6
15. Rd1 Bxg5 16. Qxg5 Qxg5 17. Bxg5 Nf6 18. Rac1 Rac8 19. Kf1 h6 20. Be3 a6 21.
f3 Bf5 22. Kf2 Be6 23. a3 Rxc1 24. Rxc1 Rc8 25. Rxc8+ Bxc8 26. Bd4 Nd5 27. Bd3
Be6 28. g3 f5 29. Ke2 Kf7 30. Be5 g5 31. Bc2 h5 32. h4 g4 33. fxg4 hxg4 34. Bd3
Ne7 35. Ke3 Nd5+ 36. Kd4 Ne7 37. Kc5 Nc6 38. Bd6 Nd8 39. Kb6 Bc8 40. Kc7 Ne6+
41. Kxc8 1-0

[Event "Chigorin Mem Blitz 2014"]
[Site "St Petersburg RUS"]
[Date "2014.10.17"]
[Round "5.7"]
[White "Tsydypov, Zhamsaran"]
[Black "Stupak, Kirill"]
[Result "1-0"]
[WhiteTitle "FM"]
[BlackTitle "GM"]
[WhiteElo "2406"]
[BlackElo "2545"]
[WhiteFideId "4108566"]
[BlackFideId "13503758"]
[EventDate "2014.10.17"]

1. e4 c6 2. d4 d5 3. e5 c5 4. dxc5 Nc6 5. Bb5 e6 6. a3 Bd7 7. Bxc6 Bxc6 8. b4 a5
9. Bb2 axb4 10. axb4 Rxa1 11. Bxa1 b6 12. Nf3 bxc5 13. bxc5 Bxc5 14. O-O Ne7 15.
Bd4 Qb6 16. Bxc5 Qxc5 17. Nbd2 Bb5 18. Nb3 Qb6 19. Re1 O-O 20. Nbd4 Bc4 21. h4
Ra8 22. Qd2 h6 23. Kh2 Qa5 24. Qf4 Rb8 25. h5 Qc7 26. g4 Qa5 27. g5 hxg5 28.
Qxg5 Kf8 29. Rg1 Ke8 30. Qxg7 Qc3 31. Qh8+ 1-0

[Event "Chigorin Mem Blitz 2014"]
[Site "St Petersburg RUS"]
[Date "2014.10.17"]
[Round "5.8"]
[White "Volkov, Sergey"]
[Black "Zubritskiy, Artyom"]
[Result "1-0"]
[WhiteTitle "GM"]
[WhiteElo "2599"]
[BlackElo "2360"]
[WhiteFideId "4122763"]
[BlackFideId "4181247"]
[EventDate "2014.10.17"]

1. d4 d5 2. c4 dxc4 3. e4 Nc6 4. Nf3 Bg4 5. d5 Ne5 6. Nbd2 Nf6 7. Nxc4 Bxf3 8.
gxf3 Nxc4 9. Bxc4 a6 10. e5 Nd7 11. Bf4 Nb6 12. Bb3 g6 13. e6 fxe6 14. dxe6 Bg7
15. Qxd8+ Kxd8 16. O-O-O+ Ke8 17. Kb1 c6 18. Be3 Nd5 19. Bxd5 cxd5 20. Rxd5 Rf8
21. Rd7 Rf6 22. Rxb7 Rxe6 23. Rc1 Kf7 24. Rcc7 Bf6 25. a4 Rd8 26. a5 Rd5 27. b4
Rd3 28. Kc2 Ra3 29. Rb6 Ra2+ 30. Kb3 Rb2+ 31. Ka3 Rb1 32. Rcc6 Rxc6 33. Rxc6
Ra1+ 34. Kb3 Rb1+ 35. Kc2 Rxb4 36. Rxa6 Bd4 37. Ra8 Bxe3 38. fxe3 Ra4 39. a6 Kg7
40. Kb3 Ra1 41. a7 h5 42. f4 h4 43. h3 Kf7 44. Kc4 Ra4+ 45. Kd5 Ra6 46. Ke4 Ra3
47. Kf3 Kg7 48. Kg4 Ra4 49. Kxh4 e5 50. e4 exf4 51. Kg4 Kh7 52. e5 1-0

[Event "Chigorin Mem Blitz 2014"]
[Site "St Petersburg RUS"]
[Date "2014.10.17"]
[Round "5.9"]
[White "Andriasian, Zaven"]
[Black "Guseva, Marina"]
[Result "1-0"]
[WhiteTitle "GM"]
[BlackTitle "IM"]
[WhiteElo "2622"]
[BlackElo "2364"]
[WhiteFideId "13302000"]
[BlackFideId "4149351"]
[EventDate "2014.10.17"]

1. e4 c6 2. d3 d5 3. Nd2 g6 4. Ngf3 Bg7 5. g3 e5 6. Bg2 Ne7 7. O-O O-O 8. Re1
Nd7 9. h4 h5 10. b3 Qc7 11. Bb2 d4 12. a4 Nf6 13. Nc4 Ng4 14. a5 Be6 15. Ng5 Bd7
16. Ba3 c5 17. b4 b5 18. axb6 axb6 19. bxc5 bxc5 20. Nd2 Rfe8 21. Qe2 Ba4 22.
Nb3 Bxb3 23. cxb3 Ra5 24. b4 cxb4 25. Bxb4 Rxa1 26. Rxa1 Nc6 27. Rc1 Qb7 28. Bc5
Bf8 29. Bh3 Bxc5 30. Rxc5 Nb4 31. Rc4 Rb8 32. Kg2 Qa6 33. Qb2 Qb7 34. Qb3 Qb5
35. Rxb4 1-0

[Event "Chigorin Mem Blitz 2014"]
[Site "St Petersburg RUS"]
[Date "2014.10.17"]
[Round "5.10"]
[White "Iljin, Timofey"]
[Black "Smirin, Ilia"]
[Result "0-1"]
[WhiteTitle "IM"]
[BlackTitle "GM"]
[WhiteElo "2388"]
[BlackElo "2655"]
[WhiteFideId "14110180"]
[BlackFideId "2801990"]
[EventDate "2014.10.17"]

1. d4 Nf6 2. c4 g6 3. Nc3 Bg7 4. e4 d6 5. Be2 O-O 6. Nf3 e5 7. O-O Nbd7 8. Be3
Qe7 9. Qc2 c6 10. Rad1 exd4 11. Nxd4 a6 12. Rfe1 Re8 13. f3 c5 14. Nb3 Ne5 15.
Nd2 Nc6 16. Bf1 Be6 17. Nd5 Nxd5 18. exd5 Bf5 19. Ne4 Bxe4 20. fxe4 Nd4 21. Qf2
b5 22. Kh1 bxc4 23. Bxc4 a5 24. b3 Rab8 25. Bf4 Be5 26. Rf1 Rb7 27. Bh6 f5 28.
exf5 Nxf5 29. Bc1 Rf8 30. Rde1 Rbb8 31. Bb2 Nd4 32. Qe3 Qh4 33. Qh3 Qxh3 34.
gxh3 Nf3 35. Bxe5 Nxe5 36. Rxf8+ Rxf8 37. Kg2 Rf4 38. Rd1 Nxc4 39. bxc4 Rxc4 40.
Kf3 Rc3+ 41. Kg4 0-1

[Event "Chigorin Mem Blitz 2014"]
[Site "St Petersburg RUS"]
[Date "2014.10.17"]
[Round "5.11"]
[White "Chekhov, Sergei"]
[Black "Khismatullin, Denis"]
[Result "1/2-1/2"]
[WhiteTitle "IM"]
[BlackTitle "GM"]
[WhiteElo "2474"]
[BlackElo "2681"]
[WhiteFideId "4195639"]
[BlackFideId "4142578"]
[EventDate "2014.10.17"]

1. e4 c5 2. Nf3 d6 3. d4 cxd4 4. Nxd4 Nf6 5. Bc4 e6 6. Nc3 a6 7. Bb3 Be7 8. Qf3
O-O 9. g4 Nc6 10. Nxc6 bxc6 11. g5 Nd7 12. h4 Nc5 13. Be3 d5 14. O-O-O Bb7 15.
Qg4 a5 16. Bxc5 Bxc5 17. g6 hxg6 18. h5 g5 19. e5 f5 20. exf6 Qxf6 21. Kb1 Qf5
22. Qe2 Rae8 23. h6 g6 24. h7+ Kh8 25. Na4 Bd6 26. Qd2 Bc7 27. Nc5 Bc8 28. Ba4
Qf4 29. Bxc6 Re7 30. Qc3+ Qf6 31. Qd3 Bb6 32. Nb3 g4 33. Nd4 e5 34. Bxd5 exd4
35. Bg8 Bf5 36. Qb5 Rc8 37. Bb3 d3 38. cxd3 Bxf2 39. Qd5 Rxh7 40. Rxh7+ Kxh7 41.
Qb7+ Kh6 42. Qg2 g3 43. Qf3 Qe7 44. a3 Kg7 45. Ka2 Rb8 46. Qd5 a4 47. Bc4 Qf6
48. d4 Bc2 49. Rd2 Bb3+ 50. Bxb3 axb3+ 51. Kb1 Re8 52. Qxb3 g2 53. Qb7+ Qf7 54.
Qxg2 Be3 55. Re2 Bxd4 56. Rxe8 Qxe8 57. Qd5 Bf6 58. Ka2 g5 59. Qf5 Qf7+ 60. Ka1
Qb3 61. Qf2 Qxa3+ 62. Kb1 Qd3+ 63. Ka2 Kg6 64. b4 g4 65. Qg2 g3 66. b5 Be5 67.
b6 Qa6+ 68. Kb3 Qxb6+ 69. Kc4 Qe6+ 70. Kd3 Qf5+ 71. Kc4 Qf4+ 72. Kd5 Qd4+ 73.
Kc6 Kg5 74. Qh3 Qc4+ 75. Kb7 Qb5+ 76. Kc8 Qc6+ 77. Kd8 Qd6+ 78. Ke8 Qg6+ 79. Kd8
Qf5 80. Qg2 Bf4 81. Ke8 Qe6+ 82. Kd8 Kg4 83. Qh3+ 1/2-1/2

[Event "Chigorin Mem Blitz 2014"]
[Site "St Petersburg RUS"]
[Date "2014.10.17"]
[Round "5.12"]
[White "Bukavshin, Ivan"]
[Black "Bodnaruk, Anastasia"]
[Result "1-0"]
[WhiteTitle "GM"]
[BlackTitle "IM"]
[WhiteElo "2616"]
[BlackElo "2440"]
[WhiteFideId "4199758"]
[BlackFideId "4181751"]
[EventDate "2014.10.17"]

1. d4 Nf6 2. Nf3 g6 3. Bf4 Bg7 4. e3 d6 5. h3 O-O 6. Be2 Nfd7 7. Bh2 e5 8. O-O
Nc6 9. c3 Kh8 10. a4 e4 11. Nfd2 f5 12. b4 Nf6 13. b5 Na5 14. c4 g5 15. Nc3 Qe8
16. Rc1 g4 17. hxg4 fxg4 18. Nd5 Nxd5 19. cxd5 h5 20. Rxc7 Qd8 21. Qc2 Bf5 22.
Bf4 Re8 23. Qc3 b6 24. Rc1 Qf6 25. g3 h4 26. Nf1 h3 27. Kh2 Red8 28. Qb4 Bf8 29.
Kg1 Bh6 30. Kh2 Bf8 31. R1c3 Bh6 32. Qb1 Bxf4 33. gxf4 Re8 34. Ng3 Qf8 35. Qd1
Qf6 36. Bxg4 Bg6 37. Be6 Qh4 38. Qg4 Qxg4 39. Bxg4 Rf8 40. Be6 1-0

[Event "Chigorin Mem Blitz 2014"]
[Site "St Petersburg RUS"]
[Date "2014.10.17"]
[Round "6.1"]
[White "Dzhumagaliev, Yan"]
[Black "Sethuraman, S.P."]
[Result "0-1"]
[WhiteTitle "FM"]
[BlackTitle "GM"]
[WhiteElo "2415"]
[BlackElo "2613"]
[WhiteFideId "24100110"]
[BlackFideId "5021596"]
[EventDate "2014.10.17"]

1. d4 Nf6 2. Nf3 d5 3. c4 e6 4. g3 Bb4+ 5. Bd2 Be7 6. Bg2 O-O 7. O-O c6 8. Qc2
Nbd7 9. b3 b6 10. a4 Bb7 11. a5 c5 12. a6 Bc6 13. dxc5 bxc5 14. cxd5 Nxd5 15. e4
N5b6 16. Rd1 Rc8 17. Bc3 Qc7 18. Nbd2 Bb5 19. Qb2 Bf6 20. Bxf6 Nxf6 21. e5 Nfd5
22. Ne4 c4 23. bxc4 Bxc4 24. Nd6 Rcd8 25. Rac1 Rxd6 26. exd6 Qxd6 27. Ne5 Bxa6
28. Rc6 Qe7 29. Rc2 Bb7 30. Nc6 Bxc6 31. Rxc6 h6 32. Ra1 Rd8 33. h4 Rd7 34. Qb5
Kh7 35. Be4+ f5 36. Bb1 Qf6 37. Ra3 Qe5 38. Re3 Nxe3 39. Qe2 Qa1 40. Rc1 Qa3 41.
Qxe3 Qxe3 42. fxe3 Kg8 43. Ba2 Kf7 44. Rc6 Re7 45. Rc5 Kf6 46. Ra5 g5 47. h5 g4
48. Kf2 Rd7 49. Ke2 Nc8 50. Ra6 Nd6 51. Bb3 Ke5 52. Ra5+ Kf6 53. Ra6 Ke7 54. Ba2
Rc7 55. Bb3 Rb7 56. Ba2 Rc7 57. Bb3 0-1

[Event "Chigorin Mem Blitz 2014"]
[Site "St Petersburg RUS"]
[Date "2014.10.17"]
[Round "6.2"]
[White "Volkov, Sergey"]
[Black "Kazhgaleyev, Murtas"]
[Result "0-1"]
[WhiteTitle "GM"]
[BlackTitle "GM"]
[WhiteElo "2599"]
[BlackElo "2566"]
[WhiteFideId "4122763"]
[BlackFideId "13700316"]
[EventDate "2014.10.17"]

1. d4 d6 2. Nf3 g6 3. c4 Bg7 4. Nc3 Bg4 5. e3 Nf6 6. Be2 O-O 7. h3 Bf5 8. b4 c5
9. bxc5 dxc5 10. Bb2 cxd4 11. exd4 Nc6 12. O-O Ne4 13. Bd3 Nxd4 14. Bxe4 Bxe4
15. Nxe4 Nxf3+ 16. Qxf3 Bxb2 17. Rab1 Bg7 18. Rxb7 Qc8 19. c5 Qe6 20. a4 h6 21.
a5 Rfd8 22. Rfb1 Rd4 23. Ng3 Rc8 24. Rxa7 Rxc5 25. Rbb7 Rc1+ 26. Kh2 Qe1 27. Ne2
Qh1+ 28. Kg3 Be5+ 29. Nf4 Bxf4+ 30. Qxf4 Rxf4 31. Rxe7 Rf5 0-1

[Event "Chigorin Mem Blitz 2014"]
[Site "St Petersburg RUS"]
[Date "2014.10.17"]
[Round "6.3"]
[White "Matsenko, Sergei"]
[Black "Ponkratov, Pavel"]
[Result "1/2-1/2"]
[WhiteTitle "IM"]
[BlackTitle "GM"]
[WhiteElo "2485"]
[BlackElo "2617"]
[WhiteFideId "4170083"]
[BlackFideId "4157800"]
[EventDate "2014.10.17"]

1. Nf3 Nf6 2. c4 g6 3. Nc3 d5 4. Qa4+ Bd7 5. Qb3 dxc4 6. Qxc4 Bg7 7. e4 O-O 8.
d4 b5 9. Nxb5 Nxe4 10. Qxc7 Nc6 11. Qxd8 Raxd8 12. Nc3 Bf5 13. Be3 Nb4 14. Rc1
Nxc3 15. Rxc3 Nc2+ 16. Kd2 Nxd4 17. Nxd4 Bxd4 18. Bxd4 Rxd4+ 19. Kc1 Rfd8 20.
Be2 R8d7 21. Rd1 Rxd1+ 22. Bxd1 Kg7 23. Bc2 Be6 24. b3 Kf6 25. Bd3 Ke5 26. Kc2
h5 27. a4 a5 28. Bc4 Bf5+ 29. Kc1 f6 30. Be2 Kd6 31. Bd3 Ke6 32. Bxf5+ gxf5 33.
Rh3 Ke5 34. Rxh5 Rc7+ 35. Kb2 Rd7 36. g4 e6 37. gxf5 exf5 38. Kc3 Rc7+ 39. Kd2
Rd7+ 40. Ke2 Rc7 41. Rh3 Rc2+ 42. Kf3 f4 43. Kg2 Ke4 44. Rf3 Rc7 45. Rh3 f3+ 46.
Rxf3 f5 47. h4 f4 48. Rh3 Rg7+ 49. Kf1 f3 50. h5 Rc7 51. Rh4+ Kd3 52. Kg1 Rg7+
53. Kh2 Ke2 54. h6 Rg2+ 55. Kh3 Kxf2 56. h7 Rg3+ 57. Kh2 Rg2+ 58. Kh3 1/2-1/2

[Event "Chigorin Mem Blitz 2014"]
[Site "St Petersburg RUS"]
[Date "2014.10.17"]
[Round "6.4"]
[White "Rakhmanov, Aleksandr"]
[Black "Tsydypov, Zhamsaran"]
[Result "1-0"]
[WhiteTitle "GM"]
[BlackTitle "FM"]
[WhiteElo "2636"]
[BlackElo "2406"]
[WhiteFideId "4173708"]
[BlackFideId "4108566"]
[EventDate "2014.10.17"]

1. c4 g6 2. g3 Bg7 3. Bg2 d6 4. Nc3 Nf6 5. d3 O-O 6. e3 e6 7. Nge2 c6 8. O-O d5
9. b3 Na6 10. d4 Re8 11. Bb2 Nc7 12. Qc2 Bd7 13. Rad1 Rc8 14. e4 Kh8 15. Nf4 b5
16. Ba3 bxc4 17. bxc4 dxc4 18. Bc5 Nb5 19. a4 Nxc3 20. Qxc3 Rc7 21. Qxc4 Rb7 22.
Nd3 Qa5 23. Ne5 Kg8 24. Qc2 Reb8 25. Nc4 Qa6 26. Bd6 Rc8 27. Qa2 Ne8 28. Bc5
Rcb8 29. Rfe1 Rb3 30. Bf1 Qb7 31. Bd3 Qc7 32. Bc2 R3b7 33. Qa3 Qd8 34. Qc3 Bc8
35. Na5 Rc7 36. Rb1 Ra8 37. Bd3 Nd6 38. Nc4 Nb7 39. e5 Nxc5 40. dxc5 Bf8 41. Nd6
Bd7 42. Qa5 Kg7 43. Ba6 h5 44. Rb4 Be7 45. Reb1 h4 46. Kg2 Bg5 47. Rg4 hxg3 48.
hxg3 Be7 49. Rh1 g5 50. Bd3 Kg8 51. Qd2 Qf8 52. Bh7+ Kh8 53. Rxg5 Bxg5 54. Qxg5
Qg7 55. Qh5 Be8 56. Ne4 f5 57. Bg6+ Kg8 58. Nf6+ Kf8 59. Bxe8 1-0